[Event "NATO-ch 10th"]
[Site "Stetten"]
[Date "1999.09.15"]
[Round "4.22"]
[White "Nielsen, Frode Benedikt"]
[Black "Phoenix, M."]
[Result "1-0"]
[WhiteElo "1873"]
[BlackElo "1400"]
[PlyCount "71"]
[EventDate "1999.09.13"]
[EventType "swiss"]
[EventRounds "7"]
[EventCountry "GER"]
[SourceTitle "EXT 2008"]
[Source "ChessBase"]
[SourceDate "2007.11.25"]
[SourceVersion "1"]
[SourceVersionDate "2007.11.25"]
[SourceQuality "1"]

1. e4 c5 2. f4 e6 3. Nf3 Nc6 4. c3 d5 5. e5 Nge7 6. d3 Nf5 7. g4 Nh4 8. Be3 Be7 9. Bf2 b6 10. Nbd2 Bb7 11. d4 Nxf3+ 12. Nxf3 cxd4 13. cxd4 0-0 14. a3 Rc8 15. Bd3 f6 16. exf6 Rxf6 17. Bg3 Na5 18. g5 Rf8 19. Ne5 Nc4 20. Qh5 Rf5 21. Bxf5 exf5 22. Qf7+ Kh8 23. Qxf5 Nxe5 24. Qxe5 Bd6 25. Qe2 Qd7 26. 0-0 Qf5 27. Rae1 Bc6 28. Qe6 Qf8 29. Qe2 Re8 30. Qd2 Rc8 31. f5 Bxg3 32. hxg3 Qd6 33. Qf4 Qf8 34. f6 g6 35. Re7 Re8 36. Rfe1 1-0